000 01832nam a2200313 i 4500
999 _c1181
_d1181
001 020293598
003 UkOxU
005 20220805143746.0
008 150323r20152014enk d 000 f eng c
020 _a9781406358995
_qpaperback
040 _aUkOxU
_beng
_erda
_cUkOxU
_dKH8
042 _aukscp
082 _aFIC KNU
100 1 _aKnudsen, Michelle,
_eauthor.
245 1 0 _aEvil librarian /
_cMichelle Knudsen.
264 1 _aLondon :
_bWalker Books,
_c2015.
264 4 _c©2014
300 _a348 pages ;
_c20 cm
336 _atext
_2rdacontent
337 _aunmediated
_2rdamedia
338 _avolume
_2rdacarrier
440 _aEvil librarian ;
_nbk 1.
500 _aFirst published: Somerville, Massachusetts : Candlewick Press, 2014.
520 _aBuffy the Vampire Slayer meets Glee! in this darkly comic story. Perfect for fans of Point Horror and R. L. Stine, as well as readers who like their horror and romance with a light-hearted touch. When Cynthia Rothschild’s best friend, Annie, falls head over heels for the new high-school librarian, Cyn can totally see why; he’s really young and very good-looking. But after meeting Mr Gabriel, Cyn realizes something isn’t quite right. Maybe it’s the creepy look in the librarian’s eyes or the weird feeling Cyn gets whenever she’s around him. Before long Cyn realizes that Mr Gabriel is, in fact ... a demon. Now, in addition to saving the school production of Sweeney Todd from technical disaster and trying not to make a fool of herself with her own hopeless crush, Cyn has to save her best friend from the clutches of the evil librarian, who also seems to be slowly sucking the life force out of the entire student body!
650 0 _aLibrarians
_vJuvenile fiction.
650 0 _aDemonology
_vJuvenile fiction.
650 0 _aVampire
942 _2ddc
_cFIC